[Event "29th 4NCL Congress"]
[Site "Harrogate"]
[Date "2023.01.22"]
[Round "5"]
[Board "4"]
[White "Gostelow, Luke"]
[Black "Rich, Aaron"]
[Result "1-0"]
[WhiteElo "1920"]
[BlackElo "1857"]
[PlyCount "111"]
[EventDate "2023.01.20"]
[EventRounds "5"]
[EventCountry "ENG"]

1. d4 f5 2. c4 e6 3. Nc3 Bb4 4. a3 Bxc3+ 5. bxc3 Nf6 6. e3 O-O 7. Bd3 b6 8. Ne2 Bb7
9. f3 d6 10. a4 a5 11. O-O Nc6 12. Qb3 Ba6 13. Ba3 Qe8 14. e4 fxe4 15. fxe4 Qh5 16.
h3 Qh6 17. Bc1 Qg6 18. Nf4 Qf7 19. Qc2 e5 20. Nd5 Qd7 21. Bb2 h6 22. Be2 exd4 23.
Nxf6+ Rxf6 24. cxd4 Nb4 25. Qb3 Rxf1+ 26. Rxf1 Qe6 27. Bg4 Qxe4 28. Bf3 Qd3 29. Qxd3
Nxd3 30. Bxa8 Nxb2 31. Bd5+ Kh7 32. Rf7 c5 33. Rd7 Bxc4 34. Rxd6 Bxd5 35. Rxd5 Nxa4
36. dxc5 Nxc5 37. Rd6 b5 38. Rd5 Nb3 39. Rxb5 a4 40. Kf2 Nd2 41. Ra5 Ne4+ 42. Ke3
Nf6 43. Rxa4 Nd5+ 44. Kf3 Kg6 45. Ra5 Nf6 46. Rb5 Nd7 47. Kf4 Nf6 48. g4 Kf7 49.
h4 Kg6 50. Rb6 Kh7 51. Kf5 Ng8 52. Rb7 Nf6 53. Ra7 Ng8 54. g5 h5 55. Rb7 Kh8 56.
Kg6  1-0

[Event "29th 4NCL Congress"]
[Site "Harrogate"]
[Date "2023.01.22"]
[Round "5"]
[Board "5"]
[White "Mcdonnell, James J."]
[Black "Mikalajunas, Kajus"]
[Result "0-1"]
[WhiteElo "1902"]
[BlackElo "1905"]
[PlyCount "44"]
[EventDate "2023.01.20"]
[EventRounds "5"]
[EventCountry "ENG"]

1. e4 d5 2. exd5 Nf6 3. Nf3 Qxd5 4. d4 Bg4 5. Be2 Nc6 6. Be3 O-O-O 7. c3 e5 8. O-O
e4 9. Nfd2 h5 10. h3 Bxe2 11. Qxe2 g5 12. Qc4 Qf5 13. f3 exf3 14. Rxf3 Qg6 15. Qf1
Nd5 16. Nc4 g4 17. hxg4 hxg4 18. Rxf7 b5 19. Nca3 Nxe3 20. Rxc7+ Kxc7 21. Qf4+ Kb7
22. Qxe3 Re8  0-1

[Event "29th 4NCL Congress"]
[Site "Harrogate"]
[Date "2023.01.22"]
[Round "5"]
[Board "6"]
[White "Hall, James"]
[Black "Donahue, Randolph E"]
[Result "1-0"]
[WhiteElo "1919"]
[BlackElo "1848"]
[PlyCount "61"]
[EventDate "2023.01.20"]
[EventRounds "5"]
[EventCountry "ENG"]

1. e4 e5 2. Nf3 Nf6 3. Bc4 Nxe4 4. Nc3 Nf6 5. Nxe5 d5 6. Bb3 c6 7. d4 Bd6 8. Bg5
O-O 9. Qd2 Nbd7 10. f4 Qc7 11. O-O-O b5 12. Rhf1 a5 13. a4 b4 14. Nb1 Ne4 15. Qe3
Nb6 16. Nd3 Re8 17. Nd2 Bg4 18. Rde1 Bd7 19. Nxe4 Rxe4 20. Qg3 Rae8 21. Rxe4 Rxe4
22. Bf6 g6 23. Ne5 Bf5 24. c3 bxc3 25. Qxc3 Nc4 26. Bxc4 dxc4 27. g4 Bxg4 28. Nxg4
Bxf4+ 29. Kb1 Qd7 30. Qxa5 h5 31. Rxf4  1-0

[Event "29th 4NCL Congress"]
[Site "Harrogate"]
[Date "2023.01.22"]
[Round "5"]
[Board "7"]
[White "Gibbs, Dominic V"]
[Black "Rida, Ruqayyah"]
[Result "1/2-1/2"]
[WhiteElo "1966"]
[BlackElo "1786"]
[PlyCount "84"]
[EventDate "2023.01.20"]
[EventRounds "5"]
[EventCountry "ENG"]

1. e4 e5 2. Nf3 Nc6 3. Bb5 a6 4. Ba4 Nf6 5. O-O b5 6. Bb3 Bc5 7. d3 h6 8. c3 d6 9.
Be3 Bxe3 10. fxe3 O-O 11. Nbd2 d5 12. exd5 Nxd5 13. Qe2 Be6 14. Ne4 Qe7 15. d4 exd4
16. cxd4 Bf5 17. Bxd5 Bxe4 18. Bxe4 Qxe4 19. Rac1 Rae8 20. Qd2 Ne7 21. Ne5 f6 22.
Nd7 Rf7 23. Nc5 Qc6 24. e4 Ng6 25. Qd3 Qd6 26. Rcd1 Nf4 27. Qf3 Ne6 28. Nb3 Ng5 29.
Qd3 Nxe4 30. Nd2 Nc5 31. Qa3 Qxd4+ 32. Kh1 Nd3 33. Nf3 Nf2+ 34. Kg1 Nh3+ 35. Kh1
Nf2+ 36. Kg1 Qxd1 37. Rxd1 Nxd1 38. Qxa6 Rfe7 39. h3 Nxb2 40. Qxb5 Re2 41. Nd4 Re1+
42. Kh2 Nd1  1/2-1/2

[Event "29th 4NCL Congress"]
[Site "Harrogate"]
[Date "2023.01.22"]
[Round "5"]
[Board "8"]
[White "Billenness, Greg"]
[Black "Bielby, Paul R"]
[Result "0-1"]
[WhiteElo "1818"]
[BlackElo "1890"]
[PlyCount "78"]
[EventDate "2023.01.20"]
[EventRounds "5"]
[EventCountry "ENG"]

1. d4 Nf6 2. Nc3 e6 3. e4 d5 4. e5 Nfd7 5. Nf3 c5 6. Bd3 cxd4 7. Nb5 Nc6 8. Qe2 a6
9. Bg5 Qb6 10. Nd6+ Bxd6 11. exd6 Qb4+ 12. Bd2 Qxd6 13. O-O Nde5 14. Rfe1 Nxf3+ 15.
Qxf3 O-O 16. Qh5 g6 17. Qf3 e5 18. Bh6 e4 19. Bxe4 dxe4 20. Qxe4 Bf5 21. Bxf8 Rxf8
22. Qe2 Nb4 23. Rec1 Rc8 24. c3 d3 25. Qd2 Nc6 26. Re1 Rd8 27. h3 Ne5 28. b3 f6 29.
Re3 g5 30. Rae1 Kg7 31. Rxe5 fxe5 32. Qxg5+ Bg6 33. h4 d2 34. Rd1 Kh8 35. h5 Be4
36. h6 Rg8 37. Qe3 Rxg2+ 38. Kf1 Qg6 39. f3 Bd3+  0-1

[Event "29th 4NCL Congress"]
[Site "Harrogate"]
[Date "2023.01.22"]
[Round "5"]
[Board "9"]
[White "Butterworth, Paul"]
[Black "Obi, Okwose Marc"]
[Result "0-1"]
[WhiteElo "1785"]
[BlackElo "1871"]
[PlyCount "44"]
[EventDate "2023.01.20"]
[EventRounds "5"]
[EventCountry "ENG"]

1. c4 e5 2. Nc3 Nc6 3. Nf3 f5 4. d3 Bb4 5. Qb3 Nf6 6. Nxe5 Nd4 7. Qd1 Qe7 8. Nf3
Nxf3+ 9. gxf3 O-O 10. Bd2 b6 11. e3 Bb7 12. Be2 d5 13. Qb3 dxc4 14. Qxc4+ Kh8 15.
Rg1 a5 16. Qh4 b5 17. a3 Bxc3 18. Bxc3 c5 19. Qf4 b4 20. Bd2 Nd5 21. Qg5 Rf6 22.
Qh4 Rg6  0-1

[Event "29th 4NCL Congress"]
[Site "Harrogate"]
[Date "2023.01.22"]
[Round "5"]
[Board "10"]
[White "Neenan, Henry"]
[Black "May, Paul"]
[Result "1/2-1/2"]
[WhiteElo "1846"]
[BlackElo "1815"]
[PlyCount "81"]
[EventDate "2023.01.20"]
[EventRounds "5"]
[EventCountry "ENG"]

1. e4 c5 2. Nf3 a6 3. b3 Nc6 4. Bb2 d6 5. d4 cxd4 6. Nxd4 e5 7. Nxc6 bxc6 8. c4 Nf6
9. Nc3 Be7 10. g3 Bg4 11. Qd3 Qc7 12. Bg2 O-O 13. O-O h6 14. h3 Be6 15. Nd1 Qc8 16.
Kh2 Nh7 17. f4 f6 18. f5 Bf7 19. Ne3 Kh8 20. Rad1 Qc7 21. Rd2 Rad8 22. Rfd1 Qa5 23.
Bc3 Qb6 24. Bf3 Ng5 25. Bg2 Bh5 26. g4 Bf7 27. Qe2 a5 28. Rd3 Qa6 29. Qd2 a4 30.
Ba5 Rd7 31. c5 d5 32. h4 Nh7 33. exd5 Bxc5 34. b4 Bxe3 35. Qxe3 cxd5 36. Bxd5 Bxd5
37. Rxd5 Rxd5 38. Rxd5 Qc4 39. Qf3 Qxa2+ 40. Kh3 Qc4 41. Qd1  1/2-1/2

[Event "29th 4NCL Congress"]
[Site "Harrogate"]
[Date "2023.01.22"]
[Round "5"]
[Board "11"]
[White "Kenning, Paul H"]
[Black "De Silva, Sithun"]
[Result "1/2-1/2"]
[WhiteElo "1842"]
[BlackElo "1553"]
[PlyCount "37"]
[EventDate "2023.01.20"]
[EventRounds "5"]
[EventCountry "ENG"]

1. d4 Nf6 2. Bf4 g6 3. Nc3 d5 4. e3 Bg7 5. h4 h6 6. Nf3 c6 7. Qd2 Bf5 8. O-O-O Nbd7
9. Ne5 Nxe5 10. Bxe5 Qd7 11. f3 h5 12. Kb1 Rd8 13. Bd3 O-O 14. Rde1 Qe6 15. Bf1 Rfe8
16. Qf2 Nd7 17. Bxg7 Kxg7 18. Qe2 Qf6 19. Qd2  1/2-1/2

[Event "29th 4NCL Congress"]
[Site "Harrogate"]
[Date "2023.01.22"]
[Round "5"]
[Board "12"]
[White "Jones, Neil T"]
[Black "Dos Santos Silva, Bruno Alexandre"]
[Result "0-1"]
[WhiteElo "1844"]
[BlackElo "1711"]
[PlyCount "94"]
[EventDate "2023.01.20"]
[EventRounds "5"]
[EventCountry "ENG"]

1. d4 f5 2. Bg5 g6 3. Nc3 Bg7 4. h4 h6 5. Bf4 Nf6 6. Qd2 d6 7. O-O-O Nc6 8. e3 e6
9. f3 Nh5 10. Nge2 Qe7 11. g4 Nxf4 12. Nxf4 Qf6 13. gxf5 gxf5 14. Nh5 Qg6 15. Nxg7+
Qxg7 16. Bb5 Bd7 17. Rdg1 Qf7 18. d5 exd5 19. Nxd5 O-O-O 20. Nf4 Qxa2 21. Qc3 Rhg8
22. Kd2 Qa5 23. Qxa5 Nxa5 24. Bd3 Nc6 25. Ng6 Kb8 26. Ke2 Ne5 27. Ne7 Rxg1 28. Rxg1
Nxd3 29. Kxd3 a5 30. Rg6 Re8 31. Nd5 Bc6 32. c4 b5 33. b3 bxc4+ 34. bxc4 a4 35. Rg2
Re6 36. e4 fxe4+ 37. fxe4 Bxd5 38. exd5 Rf6 39. Ra2 Rf4 40. Rxa4 Rxh4 41. Ke3 Rg4
42. Kf3 h5 43. Rb4+ Kc8 44. Ra4 Kd7 45. Ra8 Rxc4 46. Rh8 h4 47. Rh5 Kc8  0-1

[Event "29th 4NCL Congress"]
[Site "Harrogate"]
[Date "2023.01.22"]
[Round "5"]
[Board "13"]
[White "Kane, Robert"]
[Black "Connor, Michael I"]
[Result "0-1"]
[WhiteElo "1843"]
[BlackElo "1760"]
[PlyCount "74"]
[EventDate "2023.01.20"]
[EventRounds "5"]
[EventCountry "ENG"]

1. d4 Nf6 2. c4 g6 3. Nc3 d5 4. cxd5 Nxd5 5. Bd2 Bg7 6. e4 Nxc3 7. Bxc3 O-O 8. Qd2
Nd7 9. Nf3 Nf6 10. Bd3 b6 11. O-O-O Bb7 12. Rhe1 Rc8 13. Kb1 c5 14. dxc5 bxc5 15.
Ne5 Qc7 16. f3 Ne8 17. Ng4 h5 18. Ne3 Bxc3 19. Qxc3 e6 20. h4 Qf4 21. Bc4 Nd6 22.
g3 Qxg3 23. Rg1 Qf4 24. Rxd6 Qxd6 25. Qf6 Qd4 26. Qf4 Kg7 27. Qg5 Qf6 28. Qg3 Rfd8
29. e5 Qe7 30. f4 Be4+ 31. Ka1 Rd2 32. f5 exf5 33. e6 Qf6 34. Nd1 fxe6 35. Nc3 Rcd8
36. Qc7+ R8d7 37. Qxc5 Qd4  0-1

[Event "29th 4NCL Congress"]
[Site "Harrogate"]
[Date "2023.01.22"]
[Round "5"]
[Board "14"]
[White "Dean, Robert A"]
[Black "Chester, Ian B"]
[Result "1/2-1/2"]
[WhiteElo "1830"]
[BlackElo "1726"]
[PlyCount "46"]
[EventDate "2023.01.20"]
[EventRounds "5"]
[EventCountry "ENG"]

1. e4 e6 2. d4 d5 3. Nd2 c5 4. exd5 Qxd5 5. Ngf3 cxd4 6. Bc4 Qd6 7. O-O Nf6 8. Re1
a6 9. Nb3 Nc6 10. Nbxd4 Nxd4 11. Nxd4 Qc7 12. Bb3 Bd6 13. h3 O-O 14. c3 b6 15. Bg5
Kh8 16. Bxf6 gxf6 17. Qf3 Bb7 18. Qxf6+ Kg8 19. Bc2 Bh2+ 20. Kh1 Qf4 21. Qxf4 Bxf4
22. Be4 Bxe4 23. Rxe4 Bd6  1/2-1/2

[Event "29th 4NCL Congress"]
[Site "Harrogate"]
[Date "2023.01.22"]
[Round "5"]
[Board "15"]
[White "Tomlinson, Zak"]
[Black "Webb, Nick"]
[Result "1-0"]
[WhiteElo "1828"]
[BlackElo "1748"]
[PlyCount "77"]
[EventDate "2023.01.20"]
[EventRounds "5"]
[EventCountry "ENG"]

1. e4 c5 2. c3 d5 3. exd5 Qxd5 4. d4 Nf6 5. Nf3 Bg4 6. Be2 e6 7. h3 Bf5 8. Be3 Nbd7
9. O-O Be7 10. Nbd2 O-O 11. Nh4 Be4 12. Nxe4 Qxe4 13. Bg5 Qc6 14. Nf3 Rfd8 15. Qc2
h6 16. Bh4 Rac8 17. Rad1 c4 18. Ne5 Nxe5 19. dxe5 Nd5 20. Bxe7 Nxe7 21. Rxd8+ Rxd8
22. Rd1 Nd5 23. Rd4 b5 24. Qd2 Qc7 25. f4 a6 26. Bf3 Qc5 27. Kh2 a5 28. b3 cxb3 29.
axb3 Rb8 30. Bxd5 exd5 31. Rxd5 Qa3 32. Rd8+ Rxd8 33. Qxd8+ Kh7 34. Qd3+ g6 35. Qxb5
Qc1 36. Qc4 Kg7 37. Qd4 g5 38. f5 h5 39. e6+  1-0

[Event "29th 4NCL Congress"]
[Site "Harrogate"]
[Date "2023.01.22"]
[Round "5"]
[Board "16"]
[White "Cawston, M John"]
[Black "Siu, Kam Wa"]
[Result "0-1"]
[WhiteElo "1820"]
[BlackElo "1701"]
[PlyCount "80"]
[EventDate "2023.01.20"]
[EventRounds "5"]
[EventCountry "ENG"]

1. d4 Nf6 2. c4 e5 3. dxe5 Ng4 4. Nf3 Bc5 5. e3 Nc6 6. Be2 Ngxe5 7. O-O d6 8. Nc3
O-O 9. b3 Nxf3+ 10. Bxf3 Ne5 11. Be2 Re8 12. Bb2 Bf5 13. Kh1 Qh4 14. g3 Qh3 15. Qd5
Re6 16. Qg2 Qh6 17. Qg1 Rae8 18. Nd5 Be4+ 19. f3 Bxd5 20. cxd5 Bxe3 21. Qg2 R6e7
22. f4 Nd7 23. Bf3 Qg6 24. Rad1 Nc5 25. h3 h5 26. h4 a5 27. Kh2 b5 28. Rfe1 Nd3 29.
Re2 Nxf4 30. gxf4 Bxf4+ 31. Kg1 Rxe2 32. Bxe2 Rxe2 33. Qxg6 fxg6 34. Bc1 Bg3 35.
Bg5 Rxa2 36. Rc1 Bf2+ 37. Kf1 Bc5 38. Bd8 b4 39. Bxc7 a4 40. Ke1 axb3  0-1

[Event "29th 4NCL Congress"]
[Site "Harrogate"]
[Date "2023.01.22"]
[Round "5"]
[Board "17"]
[White "Livesey, R Nigel"]
[Black "Salisbury, Paul"]
[Result "1/2-1/2"]
[WhiteElo "1818"]
[BlackElo "1700"]
[PlyCount "71"]
[EventDate "2023.01.20"]
[EventRounds "5"]
[EventCountry "ENG"]

1. c4 Nf6 2. g3 e6 3. Bg2 a6 4. Nf3 b5 5. Ne5 d5 6. O-O Bd6 7. d4 Bb7 8. cxb5 axb5
9. Qb3 c6 10. Nd3 O-O 11. a4 Qb6 12. Bf4 Bxf4 13. gxf4 Qxd4 14. e3 Qb6 15. Nd2 Nbd7
16. Nf3 bxa4 17. Qxb6 Nxb6 18. Nc5 Ba6 19. Rfc1 Bb5 20. Nd4 Rfc8 21. Bf1 Nc4 22.
Rc2 Ng4 23. Bxc4 dxc4 24. Nd7 Ra6 25. h3 Nf6 26. Ne5 Nd5 27. Nxc4 Nb4 28. Rc3 Bxc4
29. Rxc4 Rb8 30. Ra3 g6 31. b3 axb3 32. Rxb3 Rab6 33. Rbc3 Nd5 34. Rc1 Ne7 35. Nxc6
Nxc6 36. Rxc6  1/2-1/2

[Event "29th 4NCL Congress"]
[Site "Harrogate"]
[Date "2023.01.22"]
[Round "5"]
[Board "18"]
[White "Salazar Eyre, Emma"]
[Black "Ashton, Alannah"]
[Result "1/2-1/2"]
[WhiteElo "1700"]
[BlackElo "1789"]
[PlyCount "52"]
[EventDate "2023.01.20"]
[EventRounds "5"]
[EventCountry "ENG"]

1. e4 c5 2. c3 d5 3. exd5 Qxd5 4. d4 Nf6 5. Nf3 g6 6. Be2 Bg7 7. O-O O-O 8. h3 Bf5
9. dxc5 Qxc5 10. Be3 Qc7 11. Qc1 Nc6 12. Nbd2 Nd5 13. Nc4 Nxe3 14. Nxe3 Bh6 15. Qd2
Qd7 16. Qxd7 Bxd7 17. Rfd1 Be6 18. Nd4 Bxe3 19. fxe3 Bd7 20. Nxc6 Bxc6 21. Rd4 e5
22. Rd6 Rfd8 23. Rad1 Rxd6 24. Rxd6 Kf8 25. Rf6 Ke7 26. Rf2 Rd8  1/2-1/2

[Event "29th 4NCL Congress"]
[Site "Harrogate"]
[Date "2023.01.22"]
[Round "5"]
[Board "19"]
[White "Ginestie, Martin"]
[Black "Millar, Greg F"]
[Result "1/2-1/2"]
[WhiteElo "1684"]
[BlackElo "1784"]
[PlyCount "98"]
[EventDate "2023.01.20"]
[EventRounds "5"]
[EventCountry "ENG"]

1. d4 Nf6 2. c4 e6 3. g3 d5 4. Bg2 Bb4+ 5. Bd2 Be7 6. Nf3 O-O 7. O-O c6 8. Qc2 Nbd7
9. Bf4 Nh5 10. Bc1 Nhf6 11. Nbd2 b6 12. e4 dxe4 13. Nxe4 Nxe4 14. Qxe4 Bb7 15. Ne5
Nf6 16. Qf3 Qxd4 17. Nxc6 Bxc6 18. Qxc6 Rfc8 19. Qb5 a6 20. Be3 Qxe3 21. Bxa8 axb5
22. fxe3 Rxa8 23. cxb5 Bc5 24. Rfd1 Bxe3+ 25. Kg2 Nd5 26. Kf3 Bg5 27. h4 Bf6 28.
Rd2 Kf8 29. a4 h5 30. Ke4 Ke7 31. Rc2 g5 32. hxg5 Bxg5 33. b3 f5+ 34. Kf3 h4 35.
Re1 hxg3 36. Rc6 Be3 37. Rxe3 Nxe3 38. Kxe3 Rg8 39. Rc1 g2 40. Kf2 Kd6 41. b4 Rg4
42. Rb1 Kc7 43. a5 bxa5 44. bxa5 Ra4 45. a6 Ra2+ 46. Kg1 Kb6 47. Re1 Kxb5 48. Rxe6
f4 49. Rf6 Kc5  1/2-1/2

[Event "29th 4NCL Congress"]
[Site "Harrogate"]
[Date "2023.01.22"]
[Round "5"]
[Board "20"]
[White "Jayawarna, Thisumi"]
[Black "Wheeler, Tim"]
[Result "1/2-1/2"]
[WhiteElo "1660"]
[BlackElo "1762"]
[PlyCount "40"]
[EventDate "2023.01.20"]
[EventRounds "5"]
[EventCountry "ENG"]

1. e4 c5 2. Nf3 e6 3. d4 cxd4 4. Nxd4 a6 5. c4 Nf6 6. Nc3 Qc7 7. Be3 Bb4 8. Qd3 O-O
9. f3 d5 10. cxd5 exd5 11. exd5 Nxd5 12. Bd2 Re8+ 13. Be2 Bxc3 14. bxc3 Nc6 15. Nxc6
bxc6 16. O-O a5 17. Rfe1 Ba6 18. c4 Nf4 19. Bxf4 Qxf4 20. Rad1 Qe3+  1/2-1/2

[Event "29th 4NCL Congress"]
[Site "Harrogate"]
[Date "2023.01.22"]
[Round "5"]
[Board "21"]
[White "Ward, William"]
[Black "Baxter, Martin"]
[Result "0-1"]
[WhiteElo "1850"]
[BlackElo "1707"]
[PlyCount "42"]
[EventDate "2023.01.20"]
[EventRounds "5"]
[EventCountry "ENG"]

1. e4 e5 2. Nf3 Nc6 3. Bc4 f5 4. d4 fxe4 5. Bxg8 exf3 6. Qxf3 Rxg8 7. Qh5+ g6 8.
Qxh7 Rg7 9. Qh8 Nxd4 10. Bh6 Rf7 11. Na3 Qf6 12. Qxf6 Rxf6 13. Bg5 Rf5 14. h4 Bxa3
15. O-O-O Bc5 16. Rhe1 d6 17. f4 Ne6 18. g4 Rf7 19. fxe5 Nxg5 20. exd6+ Ne6 21. dxc7
Rxc7  0-1

[Event "29th 4NCL Congress"]
[Site "Harrogate"]
[Date "2023.01.22"]
[Round "5"]
[Board "22"]
[White "Hall, David G"]
[Black "Waite, Nicholas"]
[Result "1-0"]
[WhiteElo "1769"]
[BlackElo "1437"]
[PlyCount "59"]
[EventDate "2023.01.20"]
[EventRounds "5"]
[EventCountry "ENG"]

1. d4 d5 2. c4 c6 3. Nf3 Nf6 4. Nbd2 dxc4 5. Nxc4 b5 6. Nce5 Nbd7 7. Nxc6 Qb6 8.
Nce5 Bb7 9. Nxd7 Nxd7 10. Bf4 e6 11. a3 Bd6 12. Bxd6 Qxd6 13. e3 O-O 14. Bxb5 Ba6
15. Bxa6 Qxa6 16. Qe2 Qb7 17. O-O Nf6 18. Rfc1 Rac8 19. b4 Ne4 20. Qb2 f6 21. Nd2
Nd6 22. Rxc8 Rxc8 23. Rc1 a5 24. Rxc8+ Qxc8 25. g3 axb4 26. axb4 Nb5 27. Ne4 Kf8
28. Nc5 Ke7 29. Qa2 Qc7 30. Qxe6+  1-0

[Event "29th 4NCL Congress"]
[Site "Harrogate"]
[Date "2023.01.22"]
[Round "5"]
[Board "24"]
[White "Liu, Zizheng"]
[Black "Holi, Sief Al Din"]
[Result "0-1"]
[WhiteElo "1611"]
[BlackElo "1709"]
[PlyCount "38"]
[EventDate "2023.01.20"]
[EventRounds "5"]
[EventCountry "ENG"]

1. e4 e5 2. Nf3 Nc6 3. Bc4 Nd4 4. Nxd4 exd4 5. Qf3 Qf6 6. Qb3 c6 7. O-O b5 8. Be2
h5 9. c3 Nh6 10. Bxh5 Bd6 11. f4 Bxf4 12. d3 Bxh2+ 13. Kxh2 Qxf1 14. Bxh6 Rxh6 15.
g4 g6 16. Nd2 Qxa1 17. Kg2 gxh5 18. g5 Rg6 19. Nf3 Qc1  0-1

[Event "29th 4NCL Congress"]
[Site "Harrogate"]
[Date "2023.01.22"]
[Round "5"]
[Board "25"]
[White "Walshaw, David"]
[Black "Lawrence, Spencer"]
[Result "0-1"]
[WhiteElo "1686"]
[BlackElo "1774"]
[PlyCount "60"]
[EventDate "2023.01.20"]
[EventRounds "5"]
[EventCountry "ENG"]

1. e4 c5 2. Nf3 d6 3. d4 cxd4 4. Nxd4 Nf6 5. f3 g6 6. c4 Bg7 7. Be3 O-O 8. Nc3 Nc6
9. Qd2 Nxd4 10. Bxd4 b6 11. Be2 Bb7 12. O-O Ne8 13. Be3 Nc7 14. Rac1 Rc8 15. Rfe1
Kh8 16. b4 Qe8 17. a4 f5 18. exf5 gxf5 19. b5 Qg6 20. a5 Ne6 21. axb6 f4 22. Bf2
axb6 23. Bxb6 Ng5 24. Nd5 Rce8 25. Nxf4 Qh6 26. Nd5 Be5 27. f4 Rxf4 28. Nxf4 Bxf4
29. Qc3+ Be5 30. Bd4 Qxh2+  0-1

[Event "29th 4NCL Congress"]
[Site "Harrogate"]
[Date "2023.01.22"]
[Round "5"]
[Board "26"]
[White "Jayawarna, Tarini"]
[Black "Murphy, Ross"]
[Result "1/2-1/2"]
[WhiteElo "1680"]
[BlackElo "1748"]
[PlyCount "44"]
[EventDate "2023.01.20"]
[EventRounds "5"]
[EventCountry "ENG"]

1. e4 d6 2. d4 Nf6 3. Nc3 c6 4. Nf3 Qa5 5. Bd3 e5 6. O-O Bg4 7. dxe5 dxe5 8. h3 Bh5
9. Be3 Be7 10. a3 Nbd7 11. b4 Qc7 12. Be2 O-O 13. Qb1 Bg6 14. Nd2 Rfd8 15. Rd1 Nh5
16. Qb2 Nf4 17. Bf1 Bh5 18. f3 Bh4 19. Ne2 Nxe2+ 20. Bxe2 Nf6 21. c4 Bg3 22. c5 b5
 1/2-1/2

[Event "29th 4NCL Congress"]
[Site "Harrogate"]
[Date "2023.01.20"]
[Round "1"]
[Board "1"]
[White "Lee, Jordan"]
[Black "Usher, Frank"]
[Result "1-0"]
[WhiteElo "1699"]
[BlackElo "1550"]
[PlyCount "55"]
[EventDate "2023.01.20"]
[EventRounds "5"]
[EventCountry "ENG"]

1. e4 e6 2. d4 d5 3. Nd2 c5 4. Ngf3 Nf6 5. exd5 Qxd5 6. Bc4 Qd8 7. O-O Be7 8. Nb3
cxd4 9. Nbxd4 O-O 10. Qe2 Bd7 11. Rd1 Qc7 12. Bg5 Nc6 13. Nb5 Qd8 14. Bxf6 Bxf6 15.
Rd2 Qe7 16. Rad1 Rfd8 17. c3 Be8 18. Nd6 h6 19. Qe4 g6 20. h4 h5 21. Qf4 e5 22. Qh6
Bxh4 23. Qxg6+ Kf8 24. Qh6+ Kg8 25. Qxh5 Bf6 26. Nf5 Qc7 27. Qh6 Bh8 28. Ng5  1-0

[Event "29th 4NCL Congress"]
[Site "Harrogate"]
[Date "2023.01.20"]
[Round "1"]
[Board "2"]
[White "English, Andrew JP"]
[Black "Williams, Stephen"]
[Result "0-1"]
[WhiteElo "1544"]
[BlackElo "1696"]
[PlyCount "84"]
[EventDate "2023.01.20"]
[EventRounds "5"]
[EventCountry "ENG"]

1. c4 e5 2. g3 Nf6 3. Bg2 Nc6 4. Nc3 Bc5 5. Nf3 d6 6. O-O O-O 7. d3 h6 8. a3 a6 9.
b4 Ba7 10. Rb1 Rb8 11. Bd2 Re8 12. b5 axb5 13. Nxb5 Bb6 14. Qb3 Bg4 15. a4 Qd7 16.
Ra1 e4 17. dxe4 Nxe4 18. Bf4 Na5 19. Qc2 Bf5 20. Nbd4 Nxg3 21. Nxf5 Nxe2+ 22. Kh1
Nxf4 23. Nxg7 Kxg7 24. Qc3+ Kg8 25. Qf6 Ng6 26. Nd2 Re6 27. Qc3 Rbe8 28. Qg3 Qe7
29. Bd5 Qg5 30. Qxg5 hxg5 31. Bxe6 Rxe6 32. Nf3 f6 33. Ra2 Nxc4 34. Rg1 Kf7 35. Rc2
Na5 36. Rf1 Re4 37. Rg1 Rxa4 38. Rgc1 Nb3 39. Rg1 Rf4 40. Rc3 Nc5 41. Rf1 Ne4 42.
Kg2 Nxc3  0-1

[Event "29th 4NCL Congress"]
[Site "Harrogate"]
[Date "2023.01.20"]
[Round "1"]
[Board "3"]
[White "McKay, Mark"]
[Black "Railean, Sergiu"]
[Result "0-1"]
[WhiteElo "1691"]
[BlackElo "1544"]
[PlyCount "56"]
[EventDate "2023.01.20"]
[EventRounds "5"]
[EventCountry "ENG"]

1. e4 d6 2. d4 Nf6 3. Nc3 c6 4. Bc4 b5 5. Bd3 e5 6. Nge2 Qb6 7. Be3 Ng4 8. Qd2 Nxe3
9. Qxe3 Be7 10. O-O Bf6 11. d5 Qxe3 12. fxe3 b4 13. Nd1 c5 14. Bb5+ Bd7 15. Bxd7+
Nxd7 16. c4 Bg5 17. Ng3 g6 18. Rf3 Nb6 19. b3 a5 20. a4 bxa3 21. Rxa3 a4 22. bxa4
Rxa4 23. Rb3 Rb4 24. Rxb4 cxb4 25. Nb2 O-O 26. Nf1 Ra8 27. Rf2 Ra1 28. Re2 Rc1  0-1

[Event "29th 4NCL Congress"]
[Site "Harrogate"]
[Date "2023.01.20"]
[Round "1"]
[Board "4"]
[White "Carey, Con"]
[Black "Miller, Jonathan"]
[Result "1/2-1/2"]
[WhiteElo "1525"]
[BlackElo "1677"]
[PlyCount "101"]
[EventDate "2023.01.20"]
[EventRounds "5"]
[EventCountry "ENG"]

1. d4 Nf6 2. Bf4 g6 3. Nc3 Bg7 4. e4 d6 5. Qd2 c6 6. h4 h5 7. Be2 Nbd7 8. Nf3 Qc7
9. O-O-O Ng4 10. Bc4 e5 11. dxe5 dxe5 12. Bg3 f6 13. Kb1 Nb6 14. Bb3 Ke7 15. Qe2
Be6 16. Bxe6 Kxe6 17. Rd2 Rhd8 18. Rf1 Nh6 19. Rfd1 Nf7 20. Rxd8 Rxd8 21. Rxd8 Qxd8
22. Qd2 Qc7 23. b3 Nd7 24. a4 Qb6 25. Na2 Nc5 26. Qe2 Nd6 27. Nd2 Nxa4 28. Nc4 Qb5
29. Kc1 Nxc4 30. Qxc4+ Qxc4 31. bxc4 Bh6+ 32. Kb1 Bd2 33. f3 Nc3+ 34. Nxc3 Bxc3 35.
Ka2 Kd6 36. Kb3 Bd4 37. Be1 b5 38. cxb5 cxb5 39. c4 bxc4+ 40. Kxc4 Bg1 41. Kb5 f5
42. Bb4+ Ke6 43. Be1 Be3 44. Kc6 Kf6 45. Ba5 Bb6 46. Bd2 f4 47. Bb4 Ke6 48. Be1 Be3
49. Ba5 Bf2 50. Bd8 Be1 51. Kb5  1/2-1/2

[Event "29th 4NCL Congress"]
[Site "Harrogate"]
[Date "2023.01.20"]
[Round "1"]
[Board "5"]
[White "Pointon, Mike"]
[Black "Coleman, Patrick N"]
[Result "1/2-1/2"]
[WhiteElo "1675"]
[BlackElo "1514"]
[PlyCount "50"]
[EventDate "2023.01.20"]
[EventRounds "5"]
[EventCountry "ENG"]

1. e4 c5 2. Nf3 d6 3. d4 cxd4 4. Nxd4 Nc6 5. c4 e6 6. Nc3 Nf6 7. Be2 Be7 8. Be3 O-O
9. O-O Ne5 10. f4 Ng6 11. Qe1 e5 12. Nb3 exf4 13. Bxf4 Nxf4 14. Rxf4 Be6 15. Nd5
Nxd5 16. exd5 Bg5 17. Rf1 Bc8 18. Qf2 Qc7 19. Rae1 b6 20. Bd3 Bf6 21. Nc1 Qc5 22.
Qxc5 bxc5 23. b3 Bg4 24. h3 Bd7 25. Ne2 Rfe8  1/2-1/2

[Event "29th 4NCL Congress"]
[Site "Harrogate"]
[Date "2023.01.20"]
[Round "1"]
[Board "6"]
[White "Gibson, Stephen"]
[Black "Fisher, Neal"]
[Result "0-1"]
[WhiteElo "1509"]
[BlackElo "1669"]
[PlyCount "42"]
[EventDate "2023.01.20"]
[EventRounds "5"]
[EventCountry "ENG"]

1. e4 e5 2. f4 d5 3. exd5 Qxd5 4. Nc3 Qd4 5. Nf3 Qxf4 6. d3 Qf6 7. Be3 Bb4 8. Be2
h6 9. O-O Bxc3 10. bxc3 Qd6 11. Nd2 Nf6 12. Qe1 Be6 13. Qg3 Kf8 14. Rad1 Nbd7 15.
Ne4 Nxe4 16. dxe4 Qc6 17. Bg4 Nf6 18. Bxe6 Qxe6 19. Bc5+ Kg8 20. Rf5 Re8 21. Rdf1
Kh7  0-1

[Event "29th 4NCL Congress"]
[Site "Harrogate"]
[Date "2023.01.20"]
[Round "1"]
[Board "7"]
[White "Zigmond, Andrew"]
[Black "Sartain, Patrick P"]
[Result "0-1"]
[WhiteElo "1666"]
[BlackElo "1494"]
[PlyCount "54"]
[EventDate "2023.01.20"]
[EventRounds "5"]
[EventCountry "ENG"]

1. e4 e5 2. Nf3 d6 3. d4 exd4 4. Nxd4 Be7 5. Nc3 Nf6 6. Be3 a6 7. Be2 O-O 8. Qd2
Nc6 9. O-O-O Nxd4 10. Bxd4 b5 11. Bf3 Bb7 12. Qe3 Nd7 13. Qe2 c5 14. Be3 Rc8 15.
Bf4 Nb6 16. Kb1 b4 17. Nd5 Nxd5 18. exd5 Bf6 19. h4 a5 20. Bg4 Ra8 21. Bf5 g6 22.
Bg4 a4 23. Qb5 Ba6 24. Qd7 b3 25. Bxd6 bxa2+ 26. Kxa2 Bc4+ 27. Ka3 Qb6  0-1